Lãnh đạo doanh nghiệp Việt Nam (Sách chuyên khảo)

Cuốn sách đề cập đến một số vấn đề về tư duy, tầm nhìn, kỹ năng lãnh đạo điều hành, và hướng tới xây dựng nhà lãnh đạo có đủ tâm, tầm, tài. Các kết quả khảo sát lãnh đạo doanh nghiệp Việt Nam chỉ ra những điểm mạnh, điểm yếu quan...

Ausführliche Beschreibung

Gespeichert in:
Bibliographische Detailangaben
1. Verfasser: Lê Quân
Format: Buch
Sprache:Vietnamese
Veröffentlicht: H. Đại học Quốc gia Hà Nội 2015
Ausgabe:Tái bản lần thứ 1
Schlagworte:
Tags: Tag hinzufügen
Keine Tags, Fügen Sie den ersten Tag hinzu!
Thư viện lưu trữ: Thư viện Trường Đại học Nam Cần Thơ
LEADER 02182nam a22002537a 4500
001 NCT_61735
008 190311b xxu||||| |||| 00| 0 vie d
999 |c 2989  |d 2989 
020 |a 9786046232728  |c 200000 
082 0 4 |2 23rd ed.  |a 658.4  |b Q502 
100 1 |a Lê Quân 
245 1 0 |a Lãnh đạo doanh nghiệp Việt Nam  |b (Sách chuyên khảo)  |c Lê Quân 
250 |a Tái bản lần thứ 1 
260 |a H.  |b Đại học Quốc gia Hà Nội  |c 2015 
300 |a 423 tr.  |b Minh họa  |c 24cm 
520 3 |a Cuốn sách đề cập đến một số vấn đề về tư duy, tầm nhìn, kỹ năng lãnh đạo điều hành, và hướng tới xây dựng nhà lãnh đạo có đủ tâm, tầm, tài. Các kết quả khảo sát lãnh đạo doanh nghiệp Việt Nam chỉ ra những điểm mạnh, điểm yếu quan trọng của lãnh đạo liên quan nhiều đến nghệ thuật lãnh đạo, quy tụ, dẫn dắt, huấn luyện và đào tạo cấp dưới. Với các vị trí lãnh đạo cấp cao, năng lực chuyên môn kỹ thuật không đóng vai trò quan trọng so với các năng lực lãnh đạo, điều hành. 
653 |a Quản trị kinh doanh 
942 |2 ddc  |c BK 
952 |0 0  |1 0  |2 ddc  |4 0  |6 658_400000000000000_Q502  |7 0  |9 16207  |a 000001  |b 000001  |d 2019-03-11  |l 1  |o 658.4 Q502  |p MD.14880  |r 2019-05-10  |s 2019-04-26  |v 200000.00  |w 2019-03-11  |y BK 
952 |0 0  |1 0  |2 ddc  |4 0  |6 658_400000000000000_Q502  |7 0  |9 16208  |a 000001  |b 000001  |d 2019-03-11  |o 658.4 Q502  |p MD.14881  |r 2019-03-11  |v 200000.00  |w 2019-03-11  |y BK 
952 |0 0  |1 0  |2 ddc  |4 0  |6 658_400000000000000_Q502  |7 0  |9 16209  |a 000001  |b 000001  |d 2019-03-11  |o 658.4 Q502  |p MD.14882  |r 2019-03-11  |v 200000.00  |w 2019-03-11  |y BK 
952 |0 0  |1 0  |2 ddc  |4 0  |6 658_400000000000000_Q502  |7 0  |9 16210  |a 000001  |b 000001  |d 2019-03-11  |o 658.4 Q502  |p MD.14883  |r 2019-03-11  |v 200000.00  |w 2019-03-11  |y BK 
952 |0 0  |1 0  |2 ddc  |4 0  |6 658_400000000000000_Q502  |7 0  |9 16211  |a 000001  |b 000001  |d 2019-03-11  |o 658.4 Q502  |p MD.14884  |r 2019-03-11  |v 200000.00  |w 2019-03-11  |y BK 
980 |a Thư viện Trường Đại học Nam Cần Thơ